महाप्रज्ञ के अमृत वचन / (Record no. 28642)

MARC details
000 -LEADER
fixed length control field 01248nam a22002537a 4500
005 - DATE AND TIME OF LATEST TRANSACTION
control field 20090725103839.0
008 - FIXED-LENGTH DATA ELEMENTS--GENERAL INFORMATION
fixed length control field 090608t xxu||||| |||| 00| 0 hin d
010 ## - LCCN (DPL NO)
LC control number HIN-87492
020 ## - INTERNATIONAL STANDARD BOOK NUMBER
International Standard Book Number 9788128812057
Terms of availability 95.00
035 ## - SYSTEM CONTROL NUMBER
System control number HN-59838
037 ## - SOURCE OF ACQUISITION
Source of stock number/acquisition DBAD / PUB
040 ## - CATALOGING SOURCE
Original cataloging agency dpl
Language of cataloging hn
082 ## - DEWEY DECIMAL CLASSIFICATION NUMBER
Classification number 240
245 ## - TITLE STATEMENT
Title महाप्रज्ञ के अमृत वचन /
Statement of responsibility, etc नरेश शांडिल्य द्वारा संपादित
246 ## - VARYING FORM OF TITLE
Title proper/short title Mahapragya ke amrita vachana
Remainder of title edited by Naresh Shandilya
260 ## - PUBLICATION, DISTRIBUTION, ETC. (IMPRINT)
Place of publication, distribution, etc नई दिल्ली
Name of publisher, distributor, etc डायमंड पॉकेट बुक्स
Date of publication, distribution, etc 2009
270 ## - ADDRESS
Address एक्स-30, ओखला इंडस्ट्रियल एरिया, फेज-2
City नई दिल्ली
Postal code 110020
Telephone number 011-41611861, 40712100
Fax number 011-41611866
Electronic mail address sales@dpb.in
300 ## - PHYSICAL DESCRIPTION
Extent 196पृ.
Dimensions 22सेमी (अजिल्द)
650 ## - SUBJECT ADDED ENTRY--TOPICAL TERM
Topical term or geographic name as entry element जैन धर्म
650 ## - SUBJECT ADDED ENTRY--TOPICAL TERM
Topical term or geographic name as entry element Jainism
700 ## - ADDED ENTRY--PERSONAL NAME
Personal name शांडिल्य, नरेश
942 ## - ADDED ENTRY ELEMENTS (KOHA)
Source of classification or shelving scheme Dewey Decimal Classification
Item type Hindi Books
Call number suffix महाप्र
Classification part 240
Holdings
Withdrawn status Lost status Source of classification or shelving scheme Damaged status Not for loan Home library Current library Date acquired Source of acquisition Cost, normal purchase price Total Checkouts Full call number Barcode Date last seen Copy number Cost, replacement price Koha item type
    Dewey Decimal Classification   Not For Loan D.B.Act.Division D.B.Act.Division 25/07/2009 DBAD / PUB 95.00   240 महाप्र HN-59838 25/07/2009 1 95.00 Hindi Books

© Delhi Public Library
Hit Counter
free hit counter